Manantial de rojas pasiones / (Registro nro. 49351)
[ vista simple ]
| 000 -CABECERA | |
|---|---|
| campo de control de longitud fija | 00531nam a22001817a 4500 |
| 003 - IDENTIFICADOR DEL NÚMERO DE CONTROL | |
| campo de control | OSt |
| 005 - FECHA Y HORA DE LA ÚLTIMA TRANSACCIÓN | |
| campo de control | 20210202113809.0 |
| 008 - DATOS DE LONGITUD FIJA--INFORMACIÓN GENERAL | |
| campo de control de longitud fija | 210202b ||||| |||| 00| 0 eng d |
| 040 ## - FUENTE DE LA CATALOGACIÓN | |
| Centro catalogador/agencia de origen | DO-SdBNP |
| Lengua de catalogación | spa |
| Centro/agencia transcriptor | BNPHU |
| 082 ## - NÚMERO DE LA CLASIFICACIÓN DECIMAL DEWEY | |
| Número de clasificación | xxx |
| Número de documento/Ítem | M516m |
| 100 10 - ENTRADA PRINCIPAL--NOMBRE DE PERSONA | |
| Nombre de persona | Mejía Sarmiento, Federico |
| 9 (RLIN) | 77726 |
| 245 ## - MENCIÓN DE TÍTULO | |
| Título | Manantial de rojas pasiones / |
| Mención de responsabilidad, etc. | Federico Mejía Sarmiento |
| 260 ## - PUBLICACIÓN, DISTRIBUCIÓN, ETC. | |
| Lugar de publicación, distribución, etc. | [¨Santo Domingo] : |
| Nombre del editor, distribuidor, etc. | [s. n], |
| Fecha de publicación, distribución, etc. | [2000?] |
| 300 ## - DESCRIPCIÓN FÍSICA | |
| Extensión | 58 p. ; |
| Dimensiones | 28 cm |
| 590 ## - NOTA LOCAL (RLIN) | |
| Nota local | Inventariado, 2021 / DG |
| 910 ## - DATOS DE OPCIÓN DEL USUARIO (OCLC) | |
| Datos de opción del usuario | Inventariado, 2021 / DG |
| 942 ## - ELEMENTOS DE PUNTO DE ACCESO ADICIONAL (KOHA) | |
| Fuente del sistema de clasificación o colocación | Dewey Decimal Classification |
| Tipo de ítem Koha | Libro |
| Estado de retiro | Estado de pérdida | Fuente del sistema de clasificación o colocación | No para préstamo | Código de colección | Localización permanente | Ubicación/localización actual | Ubicación en estantería | Fecha de adquisición | Fuente de adquisición | Total de préstamos | Signatura topográfica completa | Fecha visto por última vez | Precio válido a partir de | Tipo de ítem Koha | Número de copia |
|---|---|---|---|---|---|---|---|---|---|---|---|---|---|---|---|
| Dewey Decimal Classification | Monografías: Libros y Folletos | Biblioteca Nacional Pedro Henríquez Ureña | Biblioteca Nacional Pedro Henríquez Ureña | En catalogación | 21.02.2020 | Deposito Legal | xxx M516m | 02.02.2021 | 02.02.2021 | Libro | |||||
| Dewey Decimal Classification | Préstamo restrigido | Monografías: Libros y Folletos | Biblioteca Nacional Pedro Henríquez Ureña | Biblioteca Nacional Pedro Henríquez Ureña | En catalogación | 21.02.2021 | Deposito Legal | xxx M516m | 02.02.2021 | 02.02.2021 | Libro | e. 2 | |||
| Dewey Decimal Classification | Monografías: Libros y Folletos | Biblioteca Nacional Pedro Henríquez Ureña | Biblioteca Nacional Pedro Henríquez Ureña | En catalogación | 21.02.2021 | Deposito Legal | xxx M516m | 02.02.2021 | 02.02.2021 | Libro | e. 3 |
